Via Slovakia CZ

Saved in:
Bibliographic Details
Main Author Slavomír, Duchovič
Format Electronic eBook
LanguageCzech
Published Jota 2026
Edition1. elektronické vydání
Subjects
Online AccessDostupné v BOOKPORT po přihlášení pomocí eduID
ISBN978-80-7689-761-8
978-80-7689-749-6
Physical Description1 online zdroj (359 stran)

Cover

LEADER 00000nam a2200000 i 4500
001 bkp265641176
003 CZ-prgp
005 20260520160813.0
006 m o d
007 cr cn
008 260520s2026 xr o 000 1 cze
020 |a 978-80-7689-761-8  |c 418 Kč  |q (online ; epub) 
020 |a 978-80-7689-749-6  |c 598 Kč  |q (print) 
040 |a Grada  |b cze  |e rda 
100 1 |a Slavomír, Duchovič 
245 1 0 |a Via Slovakia CZ  |c Duchovič Slavomír 
250 |a 1. elektronické vydání 
264 1 |b Jota  |c 2026 
300 |a 1 online zdroj (359 stran) 
336 |a text  |b txt  |2 rdacontent 
337 |a počítač  |b c  |2 rdamedia 
338 |a online zdroj  |b cr  |2 rdacarrier 
520 3 |a Cesta mění, cesta očišťuje, na cestě se dějí zázraky... Via Slovakia je jedinečná cesta Slovenskem nabitá zajímavými místy, adrenalinovými atrakcemi, nádhernými výhledy a nespoutanou divočinou. Vyberte si jednu z osmnácti tras a vydejte se na kratší nebo delší putování majestátními horami, dolinami a řekami. Zažijte na vlastní kůži nezapomenutelnou atmosféru starobylých hradů a malebných dědinek, kde jako by se zastavil čas, a nechte se okouzlit slovenskou tradicí a pohostinností. Staňte se i vy součástí Via Slovakia! Kniha vychází ve slovenské i české jazykové mutaci s množstvím působivých fotografií, praktických rad a map. 
650 0 4 |a Sport, zdraví a životní styl 
650 0 4 |a Literatura faktu 
650 0 4 |a Životní styl 
856 4 0 |u https://www.bookport.cz/AccountSaml/SignIn/?idp=https://shibboleth.utb.cz/idp/shibboleth&returnUrl=/kniha/via-slovakia-cz-16077/  |y Dostupné v BOOKPORT po přihlášení pomocí eduID